000 01553cam a22003977a 4500
003 CHAP
005 20220329142826.0
008 040526s2004 mx abd r 00010 spa d
010 _a88335
011 _a89307
035 _a99858
040 _cCHAP
090 _aTesis
100 0 0 _aRodríguez Acosta, Melchor.
_998265
245 1 0 _aIndice de sitio para Pinus chiapensis (Martínez) Andresen, en su área de distribución natural en los estados de Veracruz y Puebla, México
_c/por Melchor Rodríguez Acosta
260 _aChapingo, Méx. :
_bEl autor,
_c2004
300 _a59 h. :
_bilus. ; gráfs. ; mapa ; cuadros
502 _aTesis (M. C. en Ciencias Forestales) -- UACH. División de Ciencias Forestales
530 _aTambién disponible en línea
590 _aALEPH
_b10
_c20130110
_lUCH01
_h1457
590 _aBATCH-UPD
_b10
_c20130110
_lUCH01
_h1728
590 _aBATCH-UPD
_b10
_c20130410
_lUCH01
_h1110
590 _aBATCH-UPD
_b10
_c20130914
_lUCH01
_h0722
590 _aBATCH-UPD
_b10
_c20140324
_lUCH01
_h1444
590 _aBATCH-UPD
_b10
_c20141002
_lUCH01
_h0821
590 _aCONVERSION
_b10
_c20130109
_lUCH01
_h1349
650 1 4 _aBosques
_xPuebla.
_914372
650 1 4 _aBosques
_zVeracruz.
_914423
650 1 4 _aPinus chiapensis.
_988326
856 _3Finding aid
_uhttp://10.13.5.2/tesis/99858.pdf
_zTeclea aqui
901 _aBK
905 _aMraco A. Mendoza T.
942 _cFOLL
949 _aTesis
_bBC
_cTES
_d33724000909867
_eTS2
_fc.2
_gDonaciØn
_h41862
_i99858
_si
949 _aTesis
_bBC
_cTES
_d998581
_eTS1
_gDonaciØn
_h41861
_i99858
_sb
999 _c88335
_d88335